000
00324nam a2200133 a 4500
008
971021s1976||||xx 0 und c
040
_a
SNK
_b
slo
_c
SNK
_e
AACR2
100
1
_a
Dumas, Alexandre
245
1
0
_a
Grófka de Charny. 2. diel
260
_a
Bratislava
_b
Tatran
_c
1976
020
_c
75
044
_a
xo
_c
SK
041
_a
slo
999
_c
10282
_d
10282